Santa Ana Maya : (Record no. 133641)

MARC details
000 -LEADER
fixed length control field 00912nam a22002177a 4500
005 - DATE AND TIME OF LATEST TRANSACTION
control field 20170530141011.0
008 - FIXED-LENGTH DATA ELEMENTS--GENERAL INFORMATION
fixed length control field 170530b mx ||||| |||| 00| 0 spa d
020 ## - INTERNATIONAL STANDARD BOOK NUMBER
International Standard Book Number 9786074241976
050 04 - LIBRARY OF CONGRESS CALL NUMBER
Classification number F1391. S245
Item number S26 2011
245 00 - TITLE STATEMENT
Title Santa Ana Maya :
Remainder of title Monografía Municipal /
Statement of responsibility, etc Hector Carreon Nieto, Roberto Parra Mendoza, José Francisco Sánchez Espinoza [et. al.]
250 ## - EDITION STATEMENT
Edition statement 1a ed.
260 ## - PUBLICATION, DISTRIBUTION, ETC. (IMPRINT)
Place of publication, distribution, etc Morelia, Mich., México :
Name of publisher, distributor, etc Gobierno del Estado de México,
-- CIDEM,
-- H. Ayuntamiento Santa Ana Maya,
-- Consejo crónica,
Date of publication, distribution, etc 2011
300 ## - PHYSICAL DESCRIPTION
Extent 271 p. :
Other physical details ilust. gráf.,
Dimensions 23 cm.
651 #7 - SUBJECT ADDED ENTRY--GEOGRAPHIC NAME
Source of heading or term LEMB
Geographic name Santa Ana Maya
General subdivision Historia
Form subdivision Biografía
651 #7 - SUBJECT ADDED ENTRY--GEOGRAPHIC NAME
Source of heading or term LEMB
Geographic name México
General subdivision Santa Ana Maya.
700 1# - ADDED ENTRY--PERSONAL NAME
Personal name Carreón Nieto, Héctor,
Relator term autor
700 1# - ADDED ENTRY--PERSONAL NAME
Personal name Parra Mendoza, Roberto,
Relator term autor
700 1# - ADDED ENTRY--PERSONAL NAME
Personal name Sánchez Espinoza, José Francisco,
Relator term autor
700 1# - ADDED ENTRY--PERSONAL NAME
Personal name Espinoza Rojas, Ulises,
Relator term autor
942 ## - ADDED ENTRY ELEMENTS (KOHA)
Source of classification or shelving scheme Biblioteca del Cogreso de los Estados Unidos
Koha item type Libro
Holdings
Estado de pérdida Fuente de clasificación Estado del daño No para préstamo Ubicación permanente Ubicación actual Apartado o colección Fecha de adquisición Edición Dependencia de educación superior (DES) Área del conocimiento Total Checkouts Clasificación Código de Barras Date last seen Date checked out Número de copia Tipo de recurso Nota pública
  Biblioteca del Cogreso de los Estados Unidos     Biblioteca del Instituto de Investigaciones Históricas Biblioteca del Instituto de Investigaciones Históricas Fondo Michoacán 30/05/2017 1a ed. Humanidades Ciencias Sociales y Administrativas 2 F1391.S245 S26 2011 IIH000015490 17/03/2026 17/03/2026 C:1 Libro MICHOACÁN
  Biblioteca del Cogreso de los Estados Unidos     Biblioteca del Instituto de Investigaciones Históricas Biblioteca del Instituto de Investigaciones Históricas Fondo Michoacán 30/05/2017 1a ed. Humanidades Ciencias Sociales y Administrativas 1 F1391.S245 S26 2011 IIH000015491 16/10/2025 16/10/2025 C:2 Libro MICHOACÁN
  Biblioteca del Cogreso de los Estados Unidos     Biblioteca del Instituto de Investigaciones Históricas Biblioteca del Instituto de Investigaciones Históricas Fondo Michoacán 30/05/2017 1a ed. Humanidades Ciencias Sociales y Administrativas   F1391.S245 S26 2011 IIH000015492 30/05/2017   C:3 Libro MICHOACÁN